| 000 | 00821nam a22002177a 4500 | ||
|---|---|---|---|
| 999 |
_c14983 _d14983 |
||
| 003 | AR-CdUCM | ||
| 008 | 190416b ||||| |||| 00| 0 spa d | ||
| 020 | _a958-04-1307-X | ||
| 040 |
_aMUNICIPALIDAD PROVINCIAL DEL CUSCO _cBIBLIOTECA MUNICIPAL DEL CUSCO |
||
| 082 |
_aEP / 803 / _bIN55 |
||
| 100 |
_aInkiow, Dimiter. _933968 |
||
| 245 | _aDe cómo decidí convertirme en hermano mayor / | ||
| 260 |
_aColombia : _bGrupo editorial Norma, _c1999. |
||
| 300 |
_a106 paginas ; _c19 cm. |
||
| 440 |
_aColección torre de papel rojo. _933965 |
||
| 505 | _aContenido :De cómo decidí ser hermano mayor -- De como seguí insistiendo -- De como el bebe se asusto y llego antes -- Una película policíaca ... | ||
| 650 |
_aCuentos _9217 |
||
| 650 |
_aHistorietas _910786 |
||
| 942 |
_2ddc _cLIBROS |
||
| 945 |
_arum _d2019-04-25 |
||